| 000 | 01082cam a2200325 i 4500 | ||
|---|---|---|---|
| 999 |
_c1634 _d1634 |
||
| 001 | 20970754 | ||
| 003 | OSt | ||
| 005 | 20230116155945.0 | ||
| 008 | 190511s2018 enka 001 0 eng | ||
| 010 | _a 2018303601 | ||
| 020 |
_a9780198425076 _q(paperback) |
||
| 040 |
_aDLC _beng _erda _cDLC _dKH8 |
||
| 042 | _apcc | ||
| 082 | _a510 RAY | ||
| 100 | 1 |
_aRayner, David, _d1949 April 23- _eauthor. |
|
| 245 | 1 | 0 |
_aComplete mathematics for Cambridge IGCSE : _bExtended / _cDavid Rayner, Ian Bettison, Mathew Taylor. |
| 250 | _aFifth edition. | ||
| 264 | 1 |
_aOxford : _bOxford University Press, _c2018. |
|
| 300 |
_ax, 493 pages : _billustrations (chiefly color) ; _c25 cm. |
||
| 336 |
_atext _btxt _2rdacontent |
||
| 337 |
_aunmediated _bn _2rdamedia |
||
| 338 |
_avolume _bnc _2rdacarrier |
||
| 500 | _aIncludes index. | ||
| 650 | 0 | _aMathematics. | |
| 650 | 0 |
_aMathematics _vProblems, exercises, etc. |
|
| 650 | 0 |
_aInternational General Certificate of Secondary Education _vStudy guides. |
|
| 700 |
_aBettison, Ian _eauthor |
||
| 700 |
_aTaylor, Mathew _eauthor |
||
| 942 |
_2ddc _cTR |
||